000 00370nam a22001457a 4500
003 MACL
005 20200102170500.0
008 200102b xxu||||| |||| 00| 0 eng d
040 _cMACL
100 _aArora, R. K.
_94193
245 _aAir Pollution; Causes and Effective Control
260 _aDelhi
_bMetro Pub
_c2016
650 _aEnvironment
_977647
942 _2ddc
_cBK
999 _c61647
_d61647